Interim rule suspending road construction in unroaded areas of National Forest System land : environmental assessment.

Bibliographic Details
Corporate Author: United States. Forest Service. Washington Office
Format: Government Document Book
Language:English
Published: [Washington, D.C.] : U.S. Dept. of Agriculture, Forest Service, Washington Office, [1999]
Subjects:

MARC

Tag First Indicator Second Indicator Subfields
LEADER 00000cam a2200000 a 4500
001 in00000003291
005 20151007051113.0
008 990517s1999 dcua b f000 0 eng d
035 |a (OCoLC)41374327 
035 |9 AJG6545AM 
040 |a GPO  |c GPO  |d DLC  |d MvI  |d UtOrBLW 
043 |a n-us--- 
049 |a UDOC 
074 |a 0084 
086 0 |a A 13.2:R 53/13 
110 1 |a United States.  |b Forest Service.  |b Washington Office. 
245 1 0 |a Interim rule suspending road construction in unroaded areas of National Forest System land :  |b environmental assessment. 
264 1 |a [Washington, D.C.] :  |b U.S. Dept. of Agriculture, Forest Service, Washington Office,  |c [1999] 
300 |a vii, 41 pages, 26 unnumbered pages :  |b color illustrations ;  |c 28 cm. 
336 |a text  |b txt  |2 rdacontent 
337 |a unmediated  |b n  |2 rdamedia 
338 |a volume  |b nc  |2 rdacarrier 
500 |a Cover title. 
500 |a Shipping list number: 99-0216-P. 
500 |a "March 1999." 
504 |a Includes bibliographical references (page 41). 
650 0 |a Forest roads  |x Environmental aspects  |z United States. 
650 0 |a Forest roads  |x Design and construction  |x Environmental aspects  |z United States. 
650 0 |a Forest reserves  |z United States  |x Management. 
999 |a MARS 
999 f f |s 9a0f4c28-5f1c-3065-90a3-cd90ed1179f3  |i d9c04e25-e9fa-3bdf-a05d-a50aa2717bb9  |t 0 
952 f f |p normal  |a Texas A&M University  |b College Station  |c Sterling C. Evans Library  |d Evans: US Documents (Annex 5th floor)  |t 0  |e A 13.2:R 53/13  |h Superintendent of Documents classification  |i unmediated -- volume  |m A14824477454 
998 f f |a A 13.2:R 53/13  |t 0  |l Evans: US Documents (Annex 5th floor)